|
|
|
|
| LEADER |
00000nas a2200000 i 4500 |
| 001 |
ssj0001072601 |
| 003 |
WaSeSS |
| 005 |
20200512172242.0 |
| 006 |
m d |
| 007 |
cr n |
| 008 |
130108c20089999bl qr p s 0 b0por c |
| 010 |
|
|
|a 2013265039
|
| 022 |
|
|
|a 2176-9168
|l 1981-9951
|
| 035 |
|
|
|a (WaSeSS)ssj0001072601
|
| 040 |
|
|
|a HUA
|b eng
|e pn
|c HUA
|d OCLCO
|d CNCGM
|d OCLCQ
|d CNU
|d OCLCF
|d CUS
|d OCLCO
|d CUS
|d AU@
|d WaSeSS
|
| 041 |
|
|
|a por
|a eng
|
| 042 |
|
|
|a pcc
|
| 050 |
1 |
4 |
|a HD1401
|
| 222 |
|
0 |
|a Revista em Agronegócio e Meio Ambiente
|
| 245 |
0 |
0 |
|a Revista em agronegócio e meio ambiente
|h [electronic resource].
|
| 246 |
1 |
|
|a RAMA
|
| 260 |
|
|
|a Maringá :
|b UNICESUMAR,
|c [2008]-
|
| 310 |
|
|
|a Quarterly
|
| 362 |
1 |
|
|a Began with: V. 1, n. 1 (jan./abr. 2008).
|
| 506 |
|
|
|a License restrictions may limit access.
|
| 546 |
|
|
|a In Portuguese; abstracts in English.
|
| 588 |
|
|
|a Description based on: V. 1, n. 1 (jan./abr. 2008); title from journal home page (publisher's web site, viewed Dec. 5, 2013).
|
| 588 |
|
|
|a Latest issue consulted: V. 6, n. 3, (set./dez. 2013) (viewed Dec. 5, 2013).
|
| 650 |
|
0 |
|a Agriculture
|x Economic aspects
|v Periodicals.
|
| 650 |
|
0 |
|a Agricultural industries
|v Periodicals.
|
| 650 |
|
0 |
|a Environmental sciences
|v Periodicals.
|
| 650 |
|
7 |
|a Agricultural industries.
|2 fast
|0 (OCoLC)fst00800842
|
| 650 |
|
7 |
|a Agriculture
|x Economic aspects.
|2 fast
|0 (OCoLC)fst00801415
|
| 650 |
|
7 |
|a Environmental sciences.
|2 fast
|0 (OCoLC)fst00913474
|
| 655 |
|
0 |
|a Electronic journals.
|
| 710 |
2 |
|
|a Centro Universitário de Maringá.
|
| 776 |
0 |
8 |
|i Print version:
|t Revista em agronegócio e meio ambiente
|x 1981-9951
|
| 856 |
4 |
0 |
|z Full text available from Research Library: 01/01/2013 to present
|u https://search.proquest.com/publication/2032621
|